Agrární politika a její limity

Globálna revolúcia vzťahujúca sa aj na oblasť agrárnej politiky. Kritika súčasnej agrárnej politiky. Agrárna politika je integrálne prepojená s dôležitými segmentami globálnej problematiky. Potreba zmeny spoločnej agrárnej politiky v ES. Svetová solidarita v agrárnom sektore.

Gespeichert in:
Bibliographische Detailangaben
1. Verfasser: Svatoš, Miroslav
Format: Buchkapitel
Sprache:Tschechisch
Schlagworte:
Tags: Tag hinzufügen
Keine Tags, Fügen Sie das erste Tag hinzu!

MARC

LEADER 00000naa a2200000 4500
001 r013061
005 20221213090023.5
041 0 |a cze 
044 |a SK 
245 1 0 |a Agrární politika a její limity  |c Miroslav Svatoš 
520 |a Globálna revolúcia vzťahujúca sa aj na oblasť agrárnej politiky. Kritika súčasnej agrárnej politiky. Agrárna politika je integrálne prepojená s dôležitými segmentami globálnej problematiky. Potreba zmeny spoločnej agrárnej politiky v ES. Svetová solidarita v agrárnom sektore. 
610 2 0 |a politika poľnohospodárska 
610 2 0 |a problémy globálne 
610 2 0 |a integrácia 
610 2 0 |a Európske spoločenstvá 
610 2 0 |a spolupráca hospodárska medzinárodná 
100 1 |a Svatoš, Miroslav